Top 5 Songs On E (Ecco2k) - Statistics

General Stats
  • This quiz has been taken 26 times
  • The average score is 4 of 5
Answer Stats
Hint Answer % Correct
10,497,533 Calcium
100%
16,895,953 Peroxide
100%
7,639,796 AAA Powerline
92%
5,201,315 Security!
80%
5,713,130 Time
76%
No matching quizzes found
Score Distribution
Percent of People with Each Score
Percentile by Number Answered
Your Score History
You have not taken this quiz